<?xml version="1.0" encoding="UTF-8"?>
<record
    xmlns:xsi="http://www.w3.org/2001/XMLSchema-instance"
    xsi:schemaLocation="http://www.loc.gov/MARC21/slim http://www.loc.gov/standards/marcxml/schema/MARC21slim.xsd"
    xmlns="http://www.loc.gov/MARC21/slim">

  <leader>00872nms a22002297a 4500</leader>
  <controlfield tag="003">NALT</controlfield>
  <controlfield tag="005">20220207143144.0</controlfield>
  <controlfield tag="006">a|||psr|||| 00| 0</controlfield>
  <controlfield tag="007">c| aa aaaaaaaa</controlfield>
  <controlfield tag="008">210205b        th |||p| |||| 00| 0 tha d</controlfield>
  <datafield tag="040" ind1=" " ind2=" ">
    <subfield code="a">NALT</subfield>
  </datafield>
  <datafield tag="041" ind1=" " ind2=" ">
    <subfield code="a">tha</subfield>
  </datafield>
  <datafield tag="245" ind1="0" ind2="0">
    <subfield code="a">&#xE0D;&#xE35;&#xE48;&#xE1B;&#xE38;&#xE48;&#xE19;&#xE28;&#xE36;&#xE01;&#xE29;&#xE32;</subfield>
  </datafield>
  <datafield tag="260" ind1=" " ind2=" ">
    <subfield code="a">&#xE2A;&#xE16;&#xE32;&#xE1A;&#xE31;&#xE19;&#xE40;&#xE2D;&#xE40;&#xE0A;&#xE35;&#xE22;&#xE15;&#xE30;&#xE27;&#xE31;&#xE19;&#xE2D;&#xE2D;&#xE01;&#xE28;&#xE36;&#xE01;&#xE29;&#xE32; &#xE21;&#xE2B;&#xE32;&#xE27;&#xE34;&#xE17;&#xE22;&#xE32;&#xE25;&#xE31;&#xE22;&#xE18;&#xE23;&#xE23;&#xE21;&#xE28;&#xE32;&#xE2A;&#xE15;&#xE23;&#xE4C;</subfield>
  </datafield>
  <datafield tag="310" ind1=" " ind2=" ">
    <subfield code="a">&#xE23;&#xE32;&#xE22;&#xE2B;&#xE01;&#xE40;&#xE14;&#xE37;&#xE2D;&#xE19;</subfield>
  </datafield>
  <datafield tag="500" ind1=" " ind2=" ">
    <subfield code="a">&#xE27;&#xE32;&#xE23;&#xE2A;&#xE32;&#xE23;&#xE2D;&#xE34;&#xE40;&#xE25;&#xE47;&#xE01;&#xE17;&#xE23;&#xE2D;&#xE19;&#xE34;&#xE01;&#xE2A;&#xE4C;</subfield>
  </datafield>
  <datafield tag="650" ind1=" " ind2="0">
    <subfield code="9">55496</subfield>
    <subfield code="a">&#xE21;&#xE19;&#xE38;&#xE29;&#xE22;&#xE28;&#xE32;&#xE2A;&#xE15;&#xE23;&#xE4C;&#xE41;&#xE25;&#xE30;&#xE2A;&#xE31;&#xE07;&#xE04;&#xE21;&#xE28;&#xE32;&#xE2A;&#xE15;&#xE23;&#xE4C;</subfield>
  </datafield>
  <datafield tag="850" ind1=" " ind2=" ">
    <subfield code="a">NALT</subfield>
  </datafield>
  <datafield tag="856" ind1="4" ind2="0">
    <subfield code="u">https://so02.tci-thaijo.org/index.php/japanese/issue/archive</subfield>
  </datafield>
  <datafield tag="942" ind1=" " ind2=" ">
    <subfield code="c">EJN</subfield>
  </datafield>
  <datafield tag="998" ind1=" " ind2=" ">
    <subfield code="a">jintana</subfield>
    <subfield code="j">755</subfield>
    <subfield code="k"> &#xE08;&#xE34;&#xE19;&#xE15;&#xE19;&#xE32; &#xE40;&#xE2D;&#xE35;&#xE48;&#xE22;&#xE21;&#xE04;&#xE07;</subfield>
  </datafield>
  <datafield tag="999" ind1=" " ind2=" ">
    <subfield code="c">97996</subfield>
    <subfield code="d">97996</subfield>
  </datafield>
</record>
